00501nam a2200181Ia 4500003000900000008004100009020001700050040001600067080001600083100002000099245005800119260004200177300001300219490002800232650001600260650002400276650001900300IN-BaIIA211028s9999 xx 000 0 eng d a0-1456-000-2 cIIA Library a621.38bCAM aCamenzind, H. R 0aElectronic integrated systems designcH. R. Camenzind aNew YorkbVan Nostrand Reinholdc1972 ax, 332p. aMicroelectronics series aElectronics aIntegrated circuits aNASA thesaurus